000 00392cam a2200157ua 4500
041 _aeng
_h
082 _a332.401
_bROB/ES
100 _aRobertson, D.J.
245 _aEssays in monetary Theory /
_cRobertson.
_hTextual Documents
260 _aMumbai :
_bAsia Publishing House ,
_c1962.
300 _a252 ; .
504 _a
700 1 _aDennis, H .
942 _cBK
999 _c12467
_d12467